Asymmetry in Biological Homochirality (Record no. 28475)

MARC details
000 -LEADER
fixed length control field 01051nam a2200133Ia 4500
008 - FIXED-LENGTH DATA ELEMENTS--GENERAL INFORMATION
fixed length control field 220620s9999||||xx |||||||||||||| ||und||
020 ## - INTERNATIONAL STANDARD BOOK NUMBER
International Standard Book Number 9783040000000
245 #0 - TITLE STATEMENT
Title Asymmetry in Biological Homochirality
546 ## - LANGUAGE NOTE
Language note English[eng]
650 ## - SUBJECT ADDED ENTRY--TOPICAL TERM
Topical term or geographic name entry element biochirality||post-translational modifications||protein folding||protein aggregation||spontaneous chemical reactions||neurodegeneration||non-equilibrium phase transitions||chiral symmetry breaking||entropy production||closed systems||nonequilibrium||dissipative structures||mirror symmetry breaking||biological chirality||liquid crystals||proto-RNA||networks||compartmentalization||chiral liquids||cubic phases||prebiotic chemistry||chirality amplification||helical self-assembly||chiral oscillations||spontaneous mirror symmetry breaking||origin of homochirality||absolute asymmetric synthesis||biological homochirality||chemical abiotic evolution||chirality||origin of life||dissipative reaction systems
700 ## - ADDED ENTRY--PERSONAL NAME
Personal name Hochberg, David
856 ## - ELECTRONIC LOCATION AND ACCESS
Uniform Resource Identifier <a href="https://mdpi.com/books/pdfview/book/3804">https://mdpi.com/books/pdfview/book/3804</a>
942 ## - ADDED ENTRY ELEMENTS (KOHA)
Koha item type E-Books
Holdings
Withdrawn status Lost status Damaged status Not for loan Home library Current library Date acquired Total Checkouts Date last seen Price effective from Koha item type
        Kerala University of Digital Sciences, Innovation and Technology Knowledge Centre Kerala University of Digital Sciences, Innovation and Technology Knowledge Centre 20/06/2022   20/06/2022 20/06/2022 E-Books